Hình học 10

Đã lưu trong:
書目詳細資料
主要作者: Trần, Văn Hạo
其他作者: Nguyễn, Mộng Hy
格式: 圖書
語言:Undetermined
出版: H. Giáo dục 2007
主題:
在線閱讀:http://lrc.tdmu.edu.vn/opac/search/detail.asp?aID=2&ID=5183
標簽: 添加標簽
沒有標簽, 成為第一個標記此記錄!
Thư viện lưu trữ: Trung tâm Học liệu Trường Đại học Thủ Dầu Một
LEADER 00657nam a2200205Ia 4500
001 TDMU_5183
008 210410s9999 xx 000 0 und d
082 |a 516.071 
090 |b TR121 
100 |a Trần, Văn Hạo 
245 0 |a Hình học 10 
245 0 |c Trần Văn Hạo 
260 |a H. 
260 |b Giáo dục 
260 |c 2007 
300 |a 108tr 
650 |a Sách lớp 10  |v Giáo khoa; Hình học  |x Dạy và học; Toán  |x Dạy và học 
700 |a Nguyễn, Mộng Hy 
856 |u http://lrc.tdmu.edu.vn/opac/search/detail.asp?aID=2&ID=5183 
980 |a Trung tâm Học liệu Trường Đại học Thủ Dầu Một